[Event "GER Pfingstopen U25"]
[Site "Playchess.com INT"]
[Date "2020.06.02"]
[Round "9"]
[White "Kern, Ludwig Maria"]
[Black "Vaghef, Mohammad Reza"]
[Result "1/2-1/2"]
[WhiteElo "1487"]
[BlackElo "1548"]
[PlyCount "105"]
[EventDate "2020.06.02"]
[EventType "swiss (blitz)"]
[EventRounds "11"]
[EventCountry "GER"]
[SourceTitle "CBM 197 Extra"]
[Source "ChessBase"]
[SourceDate "2020.09.30"]
[SourceVersion "1"]
[SourceVersionDate "2020.09.30"]
[SourceQuality "1"]

1. e4 d5 2. exd5 Nf6 3. Nc3 Nxd5 4. Nxd5 Qxd5 5. c4 Qe5+ 6. Qe2 Nc6 7. Nf3 Qxe2+ 8. Bxe2 Bg4 9. h3 Bh5 10. g4 Bg6 11. d4 0-0-0 12. d5 Nb4 13. Nd4 e5 14. a3 Nxd5 15. cxd5 exd4 16. f4 f5 17. 0-0 Rxd5 18. b4 fxg4 19. hxg4 d3 20. Bf3 Rd4 21. Be3 Rd6 22. f5 Bf7 23. Bxa7 b6 24. a4 Bd5 25. Bxd5 Rxd5 26. a5 Kb7 27. axb6 cxb6 28. b5 Rxb5 29. Rfd1 Bc5+ 30. Kh2 Rb4 31. Rxd3 Rxg4 32. Rd7+ Kc6 33. Rf7 Rh4+ 34. Kg3 Rh1 35. Rxh1 Rg8 36. Rxh7 g6 37. fxg6 Rxg6+ 38. Kf3 Rd6 39. Bb8 Rd3+ 40. Kg4 Rd4+ 41. Kf5 Rd2 42. Rc7+ Kb5 43. Rh5 Rf2+ 44. Kg6 Rg2+ 45. Kh7 Rd2 46. Rb7 Kc6 47. Rg7 Rd8 48. Rg6+ Kb5 49. Bc7 Rd7+ 50. Rg7 Rd3 51. Kh6 Kc6 52. Bb8 Bf8 53. Be5 1/2-1/2

[Event "GER Pfingstopen U25"]
[Site "Playchess.com INT"]
[Date "2020.06.02"]
[Round "11"]
[White "Vaghef, Mohammad Reza"]
[Black "Haenselmann, Hendrik"]
[Result "1-0"]
[WhiteElo "1548"]
[BlackElo "1301"]
[PlyCount "87"]
[EventDate "2020.06.02"]
[EventType "swiss (blitz)"]
[EventRounds "11"]
[EventCountry "GER"]
[SourceTitle "CBM 197 Extra"]
[Source "ChessBase"]
[SourceDate "2020.09.30"]
[SourceVersion "1"]
[SourceVersionDate "2020.09.30"]
[SourceQuality "1"]

1. c4 e5 2. Nc3 Nf6 3. g3 d5 4. cxd5 Nxd5 5. Bg2 Nb6 6. Na4 Be7 7. Nxb6 axb6 8. Nf3 Nc6 9. d3 0-0 10. 0-0 Be6 11. e3 f5 12. e4 Rxa2 13. Rxa2 Bxa2 14. exf5 Rxf5 15. b3 Nd4 16. Nxd4 Qxd4 17. Qc2 Qa1 18. Bb2 Bb1 19. Rxb1 Qa2 20. Ra1 Qxa1+ 21. Bxa1 Bc5 22. Be4 Rxf2 23. Qxf2 Bxf2+ 24. Kxf2 Kf7 25. Bxe5 Ke6 26. Bxc7 Ke7 27. Bxb6 Ke6 28. Bxb7 Ke7 29. Ke3 Ke6 30. Ke4 Ke7 31. d4 Ke6 32. g4 Ke7 33. Ke5 Kd7 34. d5 Ke7 35. Bc5+ Kd7 36. Bc6+ Kd8 37. Ke6 Kc8 38. Bd7+ Kc7 39. d6+ Kb7 40. Be8 Kc8 41. d7+ Kb7 42. d8Q h5 43. Qb6+ Ka8 44. Bc6# 1-0

[Event "GER Pfingstopen U25"]
[Site "Playchess.com INT"]
[Date "2020.06.02"]
[Round "3"]
[White "Vaghef, Mohammad Reza"]
[Black "Klahold, Rona"]
[Result "1-0"]
[WhiteElo "1548"]
[BlackElo "1620"]
[PlyCount "53"]
[EventDate "2020.06.02"]
[EventType "swiss (blitz)"]
[EventRounds "11"]
[EventCountry "GER"]
[SourceTitle "CBM 197 Extra"]
[Source "ChessBase"]
[SourceDate "2020.09.30"]
[SourceVersion "1"]
[SourceVersionDate "2020.09.30"]
[SourceQuality "1"]

1. c4 e5 2. Nc3 Bc5 3. g3 d6 4. Bg2 Nf6 5. d3 c6 6. e4 Be6 7. Nge2 Ng4 8. 0-0 Qf6 9. Qe1 Nd7 10. h3 Nh6 11. Kh2 g5 12. Na4 g4 13. h4 Qg6 14. Nxc5 Nxc5 15. Be3 Nxd3 16. Qd2 Bxc4 17. Bxh6 Nxb2 18. Qxb2 Qxh6 19. Qxb7 0-0 20. Qb2 Rab8 21. Qc2 Bb5 22. Rfe1 Qe6 23. Qd2 f5 24. Qg5+ Kh8 25. exf5 Rxf5 26. Qxg4 Rbf8 27. Nc3 1-0

[Event "GER Pfingstopen U25"]
[Site "Playchess.com INT"]
[Date "2020.06.02"]
[Round "8"]
[White "Vaghef, Mohammad Reza"]
[Black "Malinowsky, Celina"]
[Result "0-1"]
[WhiteElo "1548"]
[BlackElo "1620"]
[PlyCount "58"]
[EventDate "2020.06.02"]
[EventType "swiss (blitz)"]
[EventRounds "11"]
[EventCountry "GER"]
[SourceTitle "CBM 197 Extra"]
[Source "ChessBase"]
[SourceDate "2020.09.30"]
[SourceVersion "1"]
[SourceVersionDate "2020.09.30"]
[SourceQuality "1"]

1. c4 e5 2. Nc3 g6 3. g3 Bg7 4. Bg2 Nf6 5. e4 0-0 6. Nge2 d6 7. 0-0 Be6 8. d3 Nc6 9. h3 Qd7 10. Kh2 Nh5 11. g4 Nf6 12. Ng3 Nd4 13. g5 Nh5 14. Nxh5 gxh5 15. Ne2 f6 16. Nxd4 exd4 17. gxf6 Rxf6 18. Qxh5 Rg6 19. f4 Bf7 20. f5 Rxg2+ 21. Kxg2 Bxh5 22. Bf4 Qa4 23. b3 Qa3 24. e5 Qb2+ 25. Rf2 Qxa1 26. exd6 cxd6 27. Bxd6 Re8 28. f6 Re2 29. f7+ Bxf7 0-1

[Event "GER-ch Net Amateur Gr-C Final"]
[Site "Playchess.com INT"]
[Date "2020.04.18"]
[Round "3"]
[White "Vaghef, Mohammad Reza"]
[Black "Radeke, Rico"]
[Result "1-0"]
[WhiteElo "1579"]
[BlackElo "1431"]
[PlyCount "43"]
[EventDate "2020.04.18"]
[EventType "swiss (blitz)"]
[EventRounds "13"]
[EventCountry "GER"]
[SourceTitle "CBM 195 Extra"]
[Source "ChessBase"]
[SourceDate "2020.05.31"]
[SourceVersion "1"]
[SourceVersionDate "2020.05.31"]
[SourceQuality "1"]

1. c4 e5 2. Nc3 Nf6 3. g3 Nc6 4. Bg2 b6 5. e4 Bb7 6. Nge2 d6 7. d3 Qd7 8. 0-0 0-0-0 9. Be3 h5 10. h3 h4 11. g4 Be7 12. Nd5 Nxd5 13. exd5 Nb4 14. Nc3 Na6 15. Nb5 Kb8 16. a4 f5 17. gxf5 Qxf5 18. a5 g5 19. axb6 cxb6 20. d4 exd4 21. Nxd4 Nc5 22. Nxf5 1-0

[Event "GER-ch Net Amateur Gr-C Vor3"]
[Site "Playchess.com INT"]
[Date "2020.04.16"]
[Round "6"]
[White "Krishnachandran, Srihari"]
[Black "Vaghef, Mohammad Reza"]
[Result "1-0"]
[WhiteElo "1748"]
[BlackElo "1559"]
[PlyCount "53"]
[EventDate "2020.04.16"]
[EventType "swiss (blitz)"]
[EventRounds "9"]
[EventCountry "GER"]
[SourceTitle "CBM 195 Extra"]
[Source "ChessBase"]
[SourceDate "2020.05.31"]
[SourceVersion "1"]
[SourceVersionDate "2020.05.31"]
[SourceQuality "1"]

1. Nf3 c5 2. c4 Nc6 3. Nc3 g6 4. e3 Bg7 5. d4 cxd4 6. exd4 d6 7. d5 Ne5 8. Nxe5 Bxe5 9. Be3 Nf6 10. Be2 0-0 11. 0-0 Qa5 12. Qc2 Bf5 13. Bd3 Bxd3 14. Qxd3 Qb4 15. Rab1 Ng4 16. Ne4 Nxh2 17. f4 Nxf1 18. fxe5 Nxe3 19. Qxe3 dxe5 20. Qh6 Qxc4 21. Ng5 Qd4+ 22. Kh2 Qf4+ 23. Kh3 Qf5+ 24. g4 Qd3+ 25. Kh4 Rfc8 26. Qxh7+ Kf8 27. Qh8# 1-0

[Event "GER-ch Net Amateur Gr-C Vor3"]
[Site "Playchess.com INT"]
[Date "2020.04.16"]
[Round "4"]
[White "Schell, Andreas"]
[Black "Vaghef, Mohammad Reza"]
[Result "0-1"]
[WhiteElo "1581"]
[BlackElo "1556"]
[PlyCount "64"]
[EventDate "2020.04.16"]
[EventType "swiss (blitz)"]
[EventRounds "9"]
[EventCountry "GER"]
[SourceTitle "CBM 195 Extra"]
[Source "ChessBase"]
[SourceDate "2020.05.31"]
[SourceVersion "1"]
[SourceVersionDate "2020.05.31"]
[SourceQuality "1"]

1. d4 Nf6 2. g3 g6 3. Bg2 Bg7 4. e3 0-0 5. c4 d5 6. cxd5 Nxd5 7. Ne2 Nc6 8. Nbc3 Nxc3 9. bxc3 e5 10. 0-0 exd4 11. cxd4 Re8 12. Rb1 Bf5 13. Rb2 Qd6 14. Rxb7 Rab8 15. Rxb8 Rxb8 16. Nc3 Nb4 17. Ne4 Qa6 18. a3 Na2 19. Nc5 Qb6 20. Bd2 Bf8 21. Qa1 Qb2 22. Bb4 Qxa1 23. Rxa1 Nxb4 24. axb4 Rxb4 25. h4 Bxc5 26. dxc5 Rc4 27. Rxa7 Rxc5 28. Ra8+ Kg7 29. e4 Be6 30. f4 Rc1+ 31. Kh2 c5 32. Rc8 Bxc8 0-1

[Event "GER-ch Net Amateur Gr-C Vor3"]
[Site "Playchess.com INT"]
[Date "2020.04.16"]
[Round "3"]
[White "Vaghef, Mohammad Reza"]
[Black "Heiligtag, Matthias"]
[Result "1-0"]
[WhiteElo "1533"]
[BlackElo "1667"]
[PlyCount "75"]
[EventDate "2020.04.16"]
[EventType "swiss (blitz)"]
[EventRounds "9"]
[EventCountry "GER"]
[SourceTitle "CBM 195 Extra"]
[Source "ChessBase"]
[SourceDate "2020.05.31"]
[SourceVersion "1"]
[SourceVersionDate "2020.05.31"]
[SourceQuality "1"]

1. e4 e5 2. Nc3 Nc6 3. Bc4 Bc5 4. d3 Nf6 5. f4 d6 6. Nf3 Bg4 7. h3 Bxf3 8. gxf3 a6 9. a3 b5 10. Ba2 Nd4 11. fxe5 dxe5 12. f4 exf4 13. Bxf4 Bd6 14. Bxd6 Qxd6 15. Ne2 Nxe2 16. Qxe2 Qg3+ 17. Qf2 Qxf2+ 18. Kxf2 0-0 19. Rhg1 g6 20. Ke3 Rfe8 21. Raf1 Kg7 22. Rg2 Re7 23. Rgf2 Ne8 24. Rxf7+ Rxf7 25. Rxf7+ Kh6 26. Rf8 Kg7 27. Rg8+ Kh6 28. Bf7 Nd6 29. Rxa8 Nxf7 30. Rxa6 Ng5 31. Rc6 Nxh3 32. Rxc7 g5 33. Rb7 g4 34. Rxb5 g3 35. Kf3 Ng5+ 36. Kxg3 Kg6 37. Rxg5+ Kxg5 38. a4 1-0

[Event "GER-ch Net blitz qual4"]
[Site "Playchess.com INT"]
[Date "2020.03.23"]
[Round "5"]
[White "Vaghef, Mohammad Reza"]
[Black "Mechlenburg Waengler, Wolfgang"]
[Result "1-0"]
[WhiteElo "1508"]
[BlackElo "1620"]
[PlyCount "47"]
[EventDate "2020.03.23"]
[EventType "swiss (blitz)"]
[EventRounds "9"]
[EventCountry "GER"]
[SourceTitle "CBM 195 Extra"]
[Source "ChessBase"]
[SourceDate "2020.05.31"]
[SourceVersion "1"]
[SourceVersionDate "2020.05.31"]
[SourceQuality "1"]

1. c4 c5 2. Nc3 Nc6 3. g3 b6 4. Bg2 Qc7 5. e4 Nd4 6. Nge2 Bb7 7. Nxd4 cxd4 8. Nd5 Qxc4 9. d3 Qc5 10. b4 Qb5 11. Nc7+ Kd8 12. Nxb5 Bc6 13. Nxd4 Bb7 14. 0-0 e5 15. Nf5 g6 16. Ne3 Bxb4 17. Qb3 Bc5 18. Qxf7 Ne7 19. Nc4 h5 20. Bg5 Kc7 21. Bxe7 Rhe8 22. Bxc5 bxc5 23. Nxe5 Rxe5 24. Qc4 1-0

[Event "GER-ch Net blitz qual3"]
[Site "Playchess.com INT"]
[Date "2020.03.21"]
[Round "1"]
[White "Hein, Ralf"]
[Black "Vaghef, Mohammad Reza"]
[Result "1-0"]
[WhiteElo "2053"]
[BlackElo "1508"]
[PlyCount "49"]
[EventDate "2020.03.21"]
[EventType "swiss (blitz)"]
[EventRounds "9"]
[EventCountry "GER"]
[SourceTitle "CBM 195 Extra"]
[Source "ChessBase"]
[SourceDate "2020.05.31"]
[SourceVersion "1"]
[SourceVersionDate "2020.05.31"]
[SourceQuality "1"]

1. d4 Nf6 2. c4 g6 3. Nc3 d5 4. e3 Bg7 5. Nf3 0-0 6. Be2 c5 7. dxc5 Nc6 8. cxd5 Nb4 9. e4 b6 10. a3 Na6 11. c6 Qd6 12. 0-0 Nc5 13. e5 Qc7 14. exf6 Bxf6 15. Nb5 Qb8 16. Bh6 Rd8 17. b4 a6 18. c7 Bd7 19. cxb8Q Raxb8 20. bxc5 Bxa1 21. Qxa1 f6 22. c6 axb5 23. c7 Rbc8 24. cxd8Q+ Rxd8 25. d6 1-0

[Event "GER-ch Net blitz qual3"]
[Site "Playchess.com INT"]
[Date "2020.03.21"]
[Round "8"]
[White "Huber, Benedikt Thomas"]
[Black "Vaghef, Mohammad Reza"]
[Result "1-0"]
[WhiteElo "1530"]
[BlackElo "1508"]
[PlyCount "75"]
[EventDate "2020.03.21"]
[EventType "swiss (blitz)"]
[EventRounds "9"]
[EventCountry "GER"]
[SourceTitle "CBM 195 Extra"]
[Source "ChessBase"]
[SourceDate "2020.05.31"]
[SourceVersion "1"]
[SourceVersionDate "2020.05.31"]
[SourceQuality "1"]

1. e4 d5 2. exd5 Nf6 3. Nc3 Nxd5 4. Bc4 Nxc3 5. Qf3 e6 6. dxc3 Nc6 7. Bd2 Bd6 8. Qe2 0-0 9. 0-0-0 Na5 10. Bb3 Nxb3+ 11. axb3 Qf6 12. Nf3 Qg6 13. h4 b6 14. h5 Qxg2 15. Rdg1 Qxh1 16. Rxh1 Bb7 17. h6 g6 18. Rg1 a5 19. Nd4 Rfe8 20. f4 e5 21. fxe5 Bxe5 22. Qf2 a4 23. Bf4 Bxf4+ 24. Qxf4 c5 25. Qf6 Kf8 26. Qh8+ Ke7 27. Re1+ Kd7 28. Rxe8 Rxe8 29. Qxh7 axb3 30. Nxb3 c4 31. Nd4 Re1+ 32. Kd2 Rh1 33. Qxf7+ Kc8 34. h7 Rh2+ 35. Ne2 Rh5 36. Qf8+ Kc7 37. h8Q Rd5+ 38. Nd4 1-0

[Event "GER-ch Net blitz qual3"]
[Site "Playchess.com INT"]
[Date "2020.03.21"]
[Round "6"]
[White "Krauss, Hans Peter"]
[Black "Vaghef, Mohammad Reza"]
[Result "1-0"]
[WhiteElo "2198"]
[BlackElo "1508"]
[PlyCount "113"]
[EventDate "2020.03.21"]
[EventType "swiss (blitz)"]
[EventRounds "9"]
[EventCountry "GER"]
[SourceTitle "CBM 195 Extra"]
[Source "ChessBase"]
[SourceDate "2020.05.31"]
[SourceVersion "1"]
[SourceVersionDate "2020.05.31"]
[SourceQuality "1"]

1. e4 d5 2. exd5 Nf6 3. c4 c6 4. d4 cxd5 5. Nf3 Bg4 6. Nc3 dxc4 7. Bxc4 Nc6 8. Be3 e6 9. Be2 Bb4 10. 0-0 0-0 11. a3 Ba5 12. b4 Bb6 13. Na4 Bxf3 14. Bxf3 Nd5 15. Nxb6 Nxe3 16. fxe3 Qxb6 17. Rc1 Rac8 18. Qa4 Ne7 19. Qd7 Rxc1 20. Rxc1 Nf5 21. Rc3 a5 22. Qxb7 Qxb7 23. Bxb7 axb4 24. axb4 Rb8 25. g4 Nxe3 26. Rxe3 Rxb7 27. Rb3 Kf8 28. Kf2 Ke7 29. Ke3 Kd6 30. Ke4 f6 31. b5 g6 32. h4 f5+ 33. gxf5 gxf5+ 34. Kf4 Kd5 35. Ke3 Kc4 36. Ra3 Rxb5 37. Ra6 Rb3+ 38. Kf4 Kxd4 39. Rxe6 Rh3 40. Rd6+ Kc5 41. Rh6 Kd5 42. Kxf5 Rf3+ 43. Kg4 Rf7 44. Kg5 Ra7 45. Rf6 Ke4 46. Kh6 Ke5 47. Rf2 Ke4 48. h5 Ke3 49. Rg2 Ke4 50. Rg7 Rxg7 51. Kxg7 Kf5 52. Kxh7 Kg5 53. h6 Kh5 54. Kg7 Kg5 55. h7 Kf5 56. h8Q Kf4 57. Qh5 1-0

[Event "GER-ch Net blitz qual3"]
[Site "Playchess.com INT"]
[Date "2020.03.21"]
[Round "3"]
[White "Vaghef, Mohammad Reza"]
[Black "Fabregas, Oliver"]
[Result "0-1"]
[WhiteElo "1508"]
[BlackElo "1935"]
[PlyCount "102"]
[EventDate "2020.03.21"]
[EventType "swiss (blitz)"]
[EventRounds "9"]
[EventCountry "GER"]
[SourceTitle "CBM 195 Extra"]
[Source "ChessBase"]
[SourceDate "2020.05.31"]
[SourceVersion "1"]
[SourceVersionDate "2020.05.31"]
[SourceQuality "1"]

1. c4 e6 2. Nc3 g5 3. g3 Bg7 4. Bg2 c6 5. d3 g4 6. e4 h5 7. Nge2 Ne7 8. Be3 d6 9. Nf4 e5 10. Nfe2 Be6 11. f4 f6 12. f5 Bf7 13. Qb3 Qc7 14. h3 gxh3 15. Bxh3 Nd7 16. 0-0-0 0-0-0 17. Bxa7 Qa5 18. Be3 d5 19. cxd5 cxd5 20. Nxd5 Nxd5 21. Qc4+ Kb8 22. Bd2 Bh6 23. Kb1 Rc8 24. Qxc8+ Rxc8 25. Bxa5 Ne3 26. Rc1 Rg8 27. Rc7 Be8 28. Rhc1 h4 29. Rc8+ Ka7 30. gxh4 Ng2 31. Bxg2 Bxc1 32. Kxc1 Rxg2 33. Rxe8 Rxe2 34. Re7 Nc5 35. h5 Nxd3+ 36. Kd1 Rh2 37. Rh7 Ka6 38. Bd8 Nc5 39. Bxf6 Nxe4 40. Bxe5 Rh1+ 41. Ke2 Kb5 42. Ke3 Ng5 43. Rh6 Nf7 44. Re6 Rxh5 45. Kf4 Rh4+ 46. Kg3 Rb4 47. f6 Re4 48. a3 Rxe5 49. Kf3 Rxe6 50. Kf4 Rxf6+ 51. Ke4 Rc6 0-1

[Event "Dortmund Sparkassen op-C 47th"]
[Site "Dortmund"]
[Date "2019.07.19"]
[Round "7"]
[White "Vaghef, Mohammad Reza"]
[Black "Schulz, Wolfgang3333"]
[Result "1-0"]
[WhiteElo "1056"]
[BlackElo "890"]
[PlyCount "53"]
[EventDate "2019.07.13"]
[EventType "swiss"]
[EventRounds "9"]
[EventCountry "GER"]
[SourceTitle "CBM 192 Extra"]
[Source "Chessbase"]
[SourceDate "2019.11.06"]
[SourceVersion "1"]
[SourceVersionDate "2019.11.06"]
[SourceQuality "1"]

1. e4 e5 2. Nc3 c6 3. Bc4 Nf6 4. d3 h6 5. f4 d6 6. f5 Be7 7. Nf3 a6 8. Be3 0-0 9. Qd2 Ng4 10. 0-0-0 Nxe3 11. Qxe3 b5 12. Bb3 Nd7 13. a3 a5 14. h4 b4 15. Nb1 Nc5 16. Ba2 Na4 17. b3 Nc3 18. Nxc3 bxc3 19. a4 Bd7 20. g4 Qb8 21. g5 Qb4 22. Rdg1 Qa3+ 23. Kd1 h5 24. f6 Bxf6 25. gxf6 g6 26. Qh6 Bg4 27. Qg7# 1-0